México: movimiento obrero y estado en la coyuntura actual /
Guardado en:
| Hovedforfatter: | |
|---|---|
| Format: | Texto |
| Fag: | |
| Tags: |
Tilføj Tag
Ingen Tags, Vær først til at tagge denne postø!
|
MARC
| LEADER | 00000 a a2200000 04500 | ||
|---|---|---|---|
| 001 | 17966 | ||
| 003 | |||
| 040 | |||
| 100 | |a Saldivar V., Américo | ||
| 245 | |a México: |b movimiento obrero y estado en la coyuntura actual / |c Américo Saldivar V. | ||
| 650 | |a MOVIMIENTOS OBREROS | ||
| 650 | |a CRISIS | ||
| 650 | |a ECONOMIA | ||
| 650 | |a SINDICATOS | ||
| 650 | |a MEXICO | ||
| 773 | |g volumen 4, número 34; 7980) páginas 395-399 | ||
| 999 | |c 31901 |d 31901 | ||
| 773 | 0 | |0 42391 |9 3842 |a Agencia Latinoamericana de Información, ALAI |d Quito, Ecuador: ALAI |o 04455 |t ALAI: |x 08275564 (Servicio mensual de información y documentación) | |
